| 000 | 00728nam a2200241 a 4500 | ||
|---|---|---|---|
| 005 | 20241031063719.0 | ||
| 008 | 010710s1986 mx r 000 0 spa d | ||
| 020 | _a8486556120 | ||
| 035 | _aUPN01000109452 | ||
| 049 | _aCG | ||
| 050 | 4 |
_aHQ784 S45 _bG3.4 |
|
| 100 | 1 | _aGaignebet, Claude | |
| 245 | 1 | 3 |
_aEl folklore obsceno de los niños / _cClaude Gaignebet ; tr. A. Arranz Griñan |
| 260 |
_aBarcelona, Esp. : _bAlta Fulla, _c1986 |
||
| 300 | _a246 p. | ||
| 440 | 0 |
_aArte del Zahori ; _v3 |
|
| 534 |
_pTraducción de: _tLe folklore obscence des enfants |
||
| 650 | 2 |
_aEducacion sexual para niños _93578 |
|
| 650 | 4 |
_aFOLKLORE DE NIÑOS _920888 |
|
| 901 | _a172065/172066/172067 | ||
| 902 | _aLG/rng | ||
| 905 | _aLibro | ||
| 999 |
_c83363 _d83363 |
||